Estudi de la viabilitat de l'arribada de la banda ampla municipi per municipi : resum executiu resum executiu
Descripción Física:
95 p. : mapes ; 29 cm
MARC
| LEADER | 00000nam a2200000Ia 4500 | ||
|---|---|---|---|
| 001 | 18813 | ||
| 008 | 160829s2002 xx 000 0 cat d | ||
| 080 | |a C-2-493 | ||
| 245 | |a Estudi de la viabilitat de l'arribada de la banda ampla municipi per municipi : |b resum executiu | ||
| 260 | |a Barcelona : |b Localret, |c 2002 | ||
| 300 | |a 95 p. : |b mapes ; |c 29 cm | ||
| 650 | |a Telecomunicació |x Planificació |x Catalunya |9 44077 | ||
| 650 | |a Telecomunicació de banda ampla, Sistemes de |x Catalunya |9 44078 | ||
| 901 | |a Arxiu | ||
| 942 | |n 1 | ||
| 952 | |0 0 |1 0 |4 0 |6 C2493 |7 1 |9 51782 |a Arxiu |b Arxiu |d 2016-12-01 |l 0 |o C-2-493 |p 18813 |r 2016-12-01 00:00:00 |w 2016-12-01 |y ARXIU | ||
| 999 | |c 55628 |d 55628 | ||